000 00413nam a2200169 a 4500
005 20140414093840.0
008 070817s19uu xx 00 eng d
050 _aDVD 650
_bDIA v.2
100 _aDiaz, Illac
245 _aCNN Today-E.O. Pier one /
_cIllac Diaz.
260 _aSl :
_b[Unpublished.],
_cc2005.
300 _a1 VCD
650 _aBusiness.
650 _aSLGE
942 _cAVM
999 _c109226
_d109226